• 首页
  • 本馆介绍
  • 公告通知
  • 最新文献
  • 馆藏检索
  • 电子资源
  • 读者导购
  • 参考咨询
  • 我的图书馆
  • 登录
  • 详细信息显示
  • 放入我的书架
  • 预约/预借图书
  • 作者相关作品
  • 分类相关作品
  • 丛书相关作品
  • 出版社相关作品

书目信息

  • 表格格式
  • 工作单格式
  • 卡片格式
题名:
建材家居经销商实战42章经
    
 
作者: 王庆云 著
分册:  
出版信息: 北京   中华工商联合出版社有限责任公司  2016
页数: 231页
开本: 24cm
丛书名: 博瑞森管理丛书
单 册:
中图分类: F765
科图分类:
主题词: 建筑材料--市场营销学
电子资源:
ISBN: 978-7-5158-1544-2
000 00979oam2 2200265 450
001 012001004871
005 20140928162350.0
010    @a978-7-5158-1544-2@dCNY66.00
100    @a20160406d2016 em y0chiy50 ea
101 0  @achi
102    @aCN@b110000
105    @ak z 000yy
106    @ar
200 1  @a建材家居经销商实战42章经@9jian cai jia ju jing xiao shang shi zhan 42 zhang jing@b专著@f王庆云著
210    @a北京@c中华工商联合出版社有限责任公司@d2016
215    @a231页@d24cm
225 1  @a博瑞森管理丛书@i建材家居系列丛书
330    @a本书分为老板就要这样当、团队就要这样带、生意就要这样做三篇,内容包括:老板是企业的天花板、经销商是被逼大的、听到组织裂变的声音、这样对待老人们、压制式竞争策略、必须建立你的情报网等。
461  0 @12001 @a博瑞森管理丛书
462  0 @12001 @a建材家居系列丛书
606 0  @a建筑材料@x市场营销学
690    @aF765@v5
701  0 @a王庆云@9wang qing yun@4著
801  0 @aCN@b上海新华@c20180901
905    @b1167203-7@dF765@e63@f5
    
    建材家居经销商实战42章经/王庆云著.-北京:中华工商联合出版社有限责任公司,2016
    231页;24cm.-(博瑞森管理丛书.建材家居系列丛书)
    
    
    ISBN 978-7-5158-1544-2:CNY66.00
    本书分为老板就要这样当、团队就要这样带、生意就要这样做三篇,内容包括:老板是企业的天花板、经销商是被逼大的、听到组织裂变的声音、这样对待老人们、压制式竞争策略、必须建立你的情报网等。
●
相关链接 在E读中查询图书 在五车中查询图书 在当当中查询图书 在豆瓣中查询图书


正题名:建材家居经销商实战42章经     索取号:F765/63         预约/预借

序号 登录号 条形码 馆藏地/架位号 状态 备注
1 1167203   211672037   第一样本阅览室/ [索取号:F765/63] 在馆    
2 1167204   211672046   第一借阅区/ [索取号:F765/63] 在馆    
3 1167205   211672055   第一借阅区/ [索取号:F765/63] 在馆    
4 1167206   211672064   第一借阅区/ [索取号:F765/63] 在馆    
5 1167207   211672073   密集书库-海洋学院/ [索取号:F765/63] 在馆    
唐山师范学院图书馆 欢迎您!
大连网信软件有限公司© 版权所有